Missing Word: 1990s 'G' Song Endings Quiz Stats

 Plays Quiz Updated Sep 18, 2017

Challenge
Share
Tweet
Embed
Score 0/20 Timer 04:00
0 Plays Today
Song Missing Word % Correct
Where Have All the Cowboys ______?Gone
97.6%
She's Playing Hard to ______Get
96.3%
Barbie ______Girl
96.1%
Blaze of _____Glory
95.3%
That's the Way Love ______Goes
94.9%
Walking on Broken ______Glass
93.7%
Pretty Fly (For a White ______)Guy
92.8%
Feel So ______Good
89.1%
Moan & ______Groan
86.9%
Drop Dead ______Gorgeous
81.5%
Song Missing Word % Correct
You're a Mean One Mr. ______Grinch
76.2%
Barrel of a ______Gun
71.4%
Fields of ______Gold
68.9%
Foolish ______Games
67.9%
Higher ______Ground
61.6%
The World Is a ______Ghetto
47.4%
New Power ______Generation
37.4%
We're All in the Same ______Gang
35.7%
Kind & ______Generous
30.6%
Addams ______Groove
23.8%

Today's Daily Dose

Word Ladder
Anchorman

Get the Picture
'Head' Bands

You're not logged in!

Compare scores with friends on all Sporcle quizzes.
OR
Log In

You Might Also Like...

Show Comments

Extras

Top Quizzes Today


Score Distribution

Your Account Isn't Verified!

In order to create a playlist on Sporcle, you need to verify the email address you used during registration. Go to your Sporcle Settings to finish the process.

Report this User

Report this user for behavior that violates our Community Guidelines.

Details: